Βιολογικός καθαρισμός

Αποθηκεύτηκε σε:
Λεπτομέρειες βιβλιογραφικής εγγραφής
Κύριος συγγραφέας: Βαβίζος, Γεώργιος
Συγγραφή απο Οργανισμό/Αρχή: Ελληνικό Κέντρο Παραγωγικότητας
Μορφή: Βιβλίο
Γλώσσα:Greek
Δημοσίευση: Αθήνα : ΕΛΚΕΠΑ, 1989
Έκδοση:2η έκδ.
Θέματα:
Ετικέτες: Προσθήκη ετικέτας
Δεν υπάρχουν, Καταχωρήστε ετικέτα πρώτοι!

MARC

LEADER 00000cam a2200000 i 4500
001 1/71653
008 990308s1989 gre d
035 |l 10048377 
040 |a GR-MY-UA  |b gre  |e aacr 
041 0 |a gre 
082 0 |a 628.351 
100 1 |a Βαβίζος, Γεώργιος. 
110 2 |a Ελληνικό Κέντρο Παραγωγικότητας. 
245 1 0 |a Βιολογικός καθαρισμός /  |c Γιώργου Βαβίζου 
250 |a 2η έκδ. 
260 |a Αθήνα :   |b ΕΛΚΕΠΑ,   |c 1989 
300 |a 308 σ.;  |b εικ.;  |c 24 εκ. 
504 |a Περιέχει βιβλιογραφικές παραπομπές 
650 0 0 |a Sewage  |x Purification  |x Biological treatment. 
852 |a INST  |b CHIOS  |e 19990308  |h 628.351 ΒΑΒ  |p 005200014654  |q 005200014654  |t BK  |y 0 
852 |a INST  |b LESVOS  |e 19990519  |h 628.351 BAZ  |p 005100016231  |q 005100016231  |t BK  |y 0 
901 |a BIBL-1999-1 
909 |a Χ  |b 055532 
909 |a Λ  |b 063631 
970 |a 2000/08/ΔΕΜΕΝΑΓΑΣ 
970 |a ΑΙΒΑΤΖΙΔΟΥ  |b ΕΛΕΝΗ  |z 2000/03/08